| 000 | 00868cam a2200289 a 4500 | ||
|---|---|---|---|
| 001 | 3320114 | ||
| 003 | PILC | ||
| 005 | 20150825150221.0 | ||
| 008 | 840328s1983 enk b 000 0 eng | ||
| 010 | _a 84141256 | ||
| 020 |
_a0099319004 (pbk.) : _c£1.75 |
||
| 040 |
_aDLC _cDLC _dDLC |
||
| 043 | _aa-cc--- | ||
| 050 | 0 | 0 |
_aBL 1802 _b.B56 1983 |
| 082 | 0 | 0 | _a291.3/0951 |
| 100 | 1 | _aDavidson, Frena Gray. | |
| 245 | 1 | 4 |
_aThe book of Chinese beliefs : _ba journey into the Chinese inner world / _cFrena Bloomfield. |
| 260 |
_aLondon : _bArrow Books, _c1983. |
||
| 300 |
_a217 pages ; _c18 cm. |
||
| 500 | _aIncludes bibliographical references. | ||
| 650 | 0 |
_aOccultism _zChina. |
|
| 651 | 0 |
_aChina _xReligion. |
|
| 651 | 0 |
_aChina _xCivilization. |
|
| 740 | 0 | _aChinese beliefs. | |
| 906 |
_a7 _bcbc _corignew _d3 _encip _f19 _gy-gencatlg |
||
| 942 |
_2lcc _cBK _kFOR |
||
| 999 |
_c288486 _d288486 |
||